000
00257nam a2200109Ia 4500
008
200302s9999 xx 000 0 und d
100
_a
Rishi Dev
245
_a
Local area planning in India
260
_b
Copal Publishing Group
260
_c
2015
300
_a
466
999
_c
5918
_d
5918